Apuntes sobre problemas de distribución eléctrica

Kaydedildi:
Detaylı Bibliyografya
Yazar: Fernández Acuña, Jorge
Materyal Türü: Bilinmiyor
Baskı/Yayın Bilgisi: [San José, Costa Rica] 1958
Konular:
Etiketler: Etiketle
Etiket eklenmemiş, İlk siz ekleyin!

MARC

LEADER 00000 a2200000 4500
003 011054
005 20221231143804.0
008 140114s1958 cr a m 000 ||s d
040 |c cru CEDI 
090 |a TFG 098 
100 |a Fernández Acuña, Jorge  |9 17215 
245 |a Apuntes sobre problemas de distribución eléctrica 
260 |c 1958  |a [San José, Costa Rica] 
300 |a  79 hojas, diagramas (algunas plegables), graficos (algunas plegables) ; 28 cm  
500 |a Tesis (Ingeniero Civil) Universidad de Costa Rica.  
501 |a Ed. mimeografiada  
650 |x DISTRIBUCION DE ENERGIA ELECTRICA  |9 17216 
942 |c TFG 
999 |c 11987  |d 11987